| 000 | 00600nam a2200181 a 4500 | ||
|---|---|---|---|
| 001 | 000034745 | ||
| 005 | 20200930073857.0 | ||
| 008 | 111019s1972 mx 000 0 spa d | ||
| 040 |
_aDO-SdBNP _bspa _cBNPHU |
||
| 082 |
_axxx _bT858r |
||
| 100 | 1 |
_aTrotsky, León, _d1879-1940 _943832 |
|
| 245 | 1 | 3 |
_aObras de León Trotsky / _cLeón Trotsky ; director Cesar Nicolás Molina. |
| 260 |
_aMéxico : _bJuan Pablo editor, _c1972. |
||
| 300 |
_a284 p. ; _c21 cm. |
||
| 500 | _aLa biblioteca posee el tomo 6 | ||
| 505 | 0 |
_gTomo 6 : _tLa revolución permanente |
|
| 700 | 1 |
_aMolina, Cesar Nicolás, _edir. _960221 |
|
| 999 |
_c34236 _d34236 |
||